000 00642nam a22002297a 4500
003 UA-OsUOA
001 127551
007 ta
008 20171204b un ||||| |||| 00| 0 ukr d
100 _aКопинець К.
090 _a821.161.2
_bК65
942 _cBK
040 _aUA-OsUOA
_bukr
_cUA-OsUOA
_dUA-OsUOA
245 _aЛітургія літа
_bпоезії
300 _a164 с.
955 _a3
041 _aukr
080 _a821.161.2
260 _aУжгород
_bПоличка "Карпатського краю"
_c2001
650 7 _a82 Література. Літературознавство
_2UDC
999 _c414676
_d414676